[Event "Istanbul op-B"]
[Site "Istanbul"]
[Date "2014.09.03"]
[Round "4"]
[White "Elyildirim, Hakan"]
[Black "Gulamhuseynli, Elyar"]
[Result "0-1"]
[WhiteElo "1680"]
[BlackElo "1798"]
[PlyCount "82"]
[EventDate "2014.09.01"]
[EventType "swiss"]
[EventRounds "9"]
[EventCountry "TUR"]
[SourceTitle "EXT 2016"]
[Source "ChessBase"]
[SourceDate "2015.10.08"]
[SourceVersion "1"]
[SourceVersionDate "2015.10.08"]
[SourceQuality "1"]

1. e4 e5 2. Nf3 Nc6 3. Bb5 a6 4. Ba4 Nf6 5. d3 b5 6. Bb3 Bc5 7. Nxe5 Nxe5 8. d4 Qe7 9. 0-0 Bxd4 10. Qxd4 c5 11. Bxf7+ Nxf7 12. Qd1 0-0 13. Nc3 Bb7 14. f3 b4 15. Na4 Bc6 16. Nb6 Rab8 17. Nc4 Bb5 18. b3 Bxc4 19. bxc4 Ne5 20. Bf4 Rbe8 21. Qe2 Qe6 22. Bxe5 Qxe5 23. a3 a5 24. Rfd1 Rb8 25. Qd2 a4 26. axb4 Rxb4 27. Qd3 Rc8 28. Ra3 Qd4+ 29. Kh1 Qxc4 30. h3 Qxd3 31. cxd3 Kf7 32. Rda1 Ra8 33. Kg1 Ke6 34. Kf2 d5 35. g4 dxe4 36. g5 e3+ 37. Kxe3 Nd5+ 38. Kf2 Kf5 39. Rc1 Ra5 40. Rc4 Rxc4 41. dxc4 Nb6 0-1